Nguồn cội = Thơ
Sách nói về tuyển tập thơ của tác giả Phạm Bá Nhơn
Zapisane w:
| 1. autor: | |
|---|---|
| Format: | Książka |
| Język: | Undetermined |
| Wydane: |
Hà Nội
Văn Học
2010
|
| Hasła przedmiotowe: | |
| Etykiety: |
Dodaj etykietę
Nie ma etykietki, Dołącz pierwszą etykiete!
|
| Thư viện lưu trữ: | Trung tâm Học liệu Trường Đại học Cần Thơ |
|---|
| LEADER | 00627nam a2200217Ia 4500 | ||
|---|---|---|---|
| 001 | CTU_180108 | ||
| 008 | 210402s9999 xx 000 0 und d | ||
| 082 | |a 895.9221 | ||
| 082 | |b Nh464 | ||
| 100 | |a Phạm, Bá Nhơn | ||
| 245 | 0 | |a Nguồn cội | |
| 245 | 0 | |b = Thơ | |
| 245 | 0 | |c Phạm Bá Nhơn | |
| 260 | |a Hà Nội | ||
| 260 | |b Văn Học | ||
| 260 | |c 2010 | ||
| 520 | |a Sách nói về tuyển tập thơ của tác giả Phạm Bá Nhơn | ||
| 650 | |a Vietnamese poetry | ||
| 650 | |x Thơ Việt Nam | ||
| 904 | |i Như | ||
| 980 | |a Trung tâm Học liệu Trường Đại học Cần Thơ | ||